Statystyki dla Państwa NATO

Kliknij tutaj aby rozwiązać quiz!

Ogólne statystyki

  • Ten quiz został rozwiązany 265 razy
    (84 od ostatniego zresetowania)
  • Średni wynik to 26 z 32

Statystyki odpowiedzi

PodpowiedzPaństwo% Poprawnych
EuropaPolska
98%
Ameryka PółnocnaStany Zjednoczone
96%
EuropaNiemcy
95%
EuropaFrancja
93%
EuropaHiszpania
93%
Ameryka PółnocnaKanada
93%
EuropaSzwecja
93%
EuropaFinlandia
91%
EuropaPortugalia
89%
EuropaWielka brytania
89%
EuropaBelgia
86%
EuropaLitwa
86%
AzjaTurcja
86%
EuropaCzechy
84%
EuropaEstonia
84%
EuropaSłowacja
84%
EuropaŁotwa
82%
EuropaWłochy
82%
EuropaNorwegia
80%
EuropaBułgaria
79%
EuropaChorwacja
79%
EuropaHolandia
79%
EuropaGrecja
77%
EuropaWęgry
77%
EuropaAlbania
73%
EuropaDania
73%
EuropaRumunia
71%
EuropaSłowenia
71%
EuropaIslandia
70%
EuropaCzarnogóra
66%
EuropaLuksemburg
61%
EuropaMacedonia Północna
54%

Rozkład punktacji

Percentyl według liczby udzielonych odpowiedzi

Procent ludzi z każdym wynikiem

Twoja historia wyników

Nie rozwiązałeś tego quizu od ostatniego zresetowania